Istenkeresés a bölcseletben
Elmentve itt :
| Szerző: | |
|---|---|
| Adatforrás: | Philobibl |
| Forrásdokumentuma: | Élet 1935. p. 941-942. |
| Dokumentumtípus: | Cikk |
| Nyelv: | magyar |
| LEADER | 00276nab a2200097 c 4500 | ||
|---|---|---|---|
| 001 | bibPHI0039544 | ||
| 005 | 20200924124204.6 | ||
| 008 | 101006s1935 hu hun | ||
| 100 | 1 | |a Brandenstein Béla | |
| 245 | 1 | 0 | |a Istenkeresés a bölcseletben |c Brandenstein Béla |
| 773 | 0 | |t Élet |g 1935. p. 941-942. | |